Manual práctico del cultivo de la lechuga

Zapisane w:
Opis bibliograficzny
Główni autorzy: Carrasco Silva, Gilda (Autor), Sandoval Briones, Claudio (Autor)
Format: Książka
Język:hiszpański
Wydane: Madrid Ediciones Mundi-Prensa 2016
Wydanie:1a. ed
Hasła przedmiotowe:
Etykiety: Dodaj etykietę
Nie ma etykietki, Dołącz pierwszą etykiete!

MARC

LEADER 00000cam a2200000 a 4500
001 UCC7577
003 CL-VaPUC
008 190412e20160000sp |||||||||||||||||spa|d
020 |a 9788484766728 
082 0 4 |a 635.52  |b CAR  |2 21 
100 0 |a Carrasco Silva, Gilda  |e author  |9 602231 
700 0 |a Sandoval Briones, Claudio  |e author  |9 602232 
245 1 0 |a Manual práctico del cultivo de la lechuga 
250 |a 1a. ed 
300 |a 137 p 
942 |c BK 
945 |d 20190412 13:45:00  |a dcastane 
260 |a Madrid  |b Ediciones Mundi-Prensa  |c 2016 
650 0 |a Lechugas  |9 405848 
650 7 |a CULTIVO Y COSECHA  |2 CL-VaPUC  |9 502055 
583 |a last modification  |c 20190412 13:45:00  |k Rodrigo Vera 
999 |c 374186  |d 374184 
952 |0 0  |1 0  |3 erb  |4 0  |6 635_520000000000000_CAR_2016  |7 0  |8 A  |9 492663  |a BIBAGR  |b BIBAGR  |i 5543193  |l 3  |m 2  |o 635.52 CAR 2016  |p 5543193  |r 2025-01-20  |s 2023-11-17  |w 2019-11-24  |y BK  |z Catalogado en:20190412  |k AGR